Medzinárodné strategické aliancie

Bibliographic Details
Main Authors: Ferenčíková, Soňa, 1960- (Author), Hansenová, Heda, 1949- (Author)
Format: Article
Language:Slovak
PhysicalDescription:Sch.
ISSN:0323-262X
Subjects:

MARC

LEADER 00000nab a2200000 a 4500
001 vtls000868516
003 SK-MaSNL
005 20260304120657.0
008 250429c2004 xo 0 slo
015 |a SNBRB2004/04-10944 
035 |a CLN000220068 
035 |a urn:nbn:sk:snk-ab2enl 
035 |a (urnnbn)urn:nbn:sk:snk:ar-a02b3h 
035 |a (uuid)a8c7ab07-989f-4f98-a032-1ac2f3777f26 
040 |a SNKBUCL  |b slo  |c SNKBUCL  |e AACR2 
041 0 |a slo 
044 |a xo  |c SK 
080 |a 334.75  |2 1997 
080 |a 339.92:334.75  |2 1997 
080 |a 658.114.5  |2 1997 
100 1 |a Ferenčíková, Soňa,  |d 1960-  |4 aut  |9 263390 
245 1 0 |a Medzinárodné strategické aliancie  |c Soňa Ferenčíková, Heda Hansenová 
300 |b Sch. 
504 |a Bibliogr. odkazy 
504 |a Res. angl. 
650 0 7 |a aliancie strategické  |2 snkbucl  |9 1424908 
650 0 7 |a spolupráca ekonomická medzinárodná  |x aliancie strategické  |2 snkbucl  |9 1424909 
655 7 |a články z novín a časopisov  |2 snkbucl  |9 267496 
700 1 |a Hansenová, Heda,  |d 1949-  |4 aut  |9 211056 
773 0 |t Ekonomické rozhľady  |g Roč. 33, č. 1 (2004), s. 115-122  |x 0323-262X 
850 |a Slovenská národná knižnica 
852 |a Slovenská národná knižnica 
954 |a odborná, vedecká literatúra pôvodná (slovenská)  |2 lita 
958 |a article27 
958 |a NB 
958 |a OND 
958 |a EUIPO 
992 |a RBX 
999 |c 2881012  |d 2882942